000 00636nam a2200253Ia 4500
003 OSt
005 20221007105515.0
006 a|||||r|||| 00| 0
007 ta
008 221006b |||||||| |||| 00| 0 eng d
024 _a18,754
037 _cTextual
040 _aLCO
_cLCO
_beng
041 _2eng
_aeng
082 _aZ2,25, N8
100 _aKatiyar B.B
_9682945
245 0 _aLaw of Easements and Licences
250 _a12th
260 _aAllahabad
_bLaw Book Co. India
_c1998
300 _a872
650 _aEASEMENTS
_9706705
942 _hZ2,25, N8
_cTEXL
999 _c1188317
_d1188317